000 00248nam a2200109Ia 4500
008 190216s9999||||xx |||||||||||||| ||und||
100 _aRaman B S
245 0 _aMarketing And Salesmanship
260 _bUnited Pub
_c1997
300 _a559p
942 _cBK
999 _c6096
_d6096